000 00308nam a22001217a 4500
999 _c160204
_d160204
082 _a
_b
100 _aNagalekshmi
245 _aAnuvad siddhanth:
_bdhristi aur anudhristi/
_cby Nagalekshmi.
260 _aNew Delhi:
_bJawaharlal Nehru Memorial Fund,
_c2009.
300 _a128p.
650 _a
942 _cBK